000
00326nam a22001337a 4500
008
181221b xxu||||| |||| 00| 0 eng d
020
_a
0070371768
041
_a
eng
080
_2
4 TH
_a
316
100
_a
316
101
_a
SOC
245
_a
Human Societes An Introduction To Macrosociology
_c
Lenski.L
942
_2
udc
_c
BK
999
_c
53615
_d
53615